Carregando...

Disease resistance in Plants

Detalhes bibliográficos
Autor principal: Van Der Plank, J E
Formato: Printed Book
Idioma:Undetermined
English
Publicado em: New York Academic Press 1968
Assuntos:
LEADER 00572nam a2200181Ia 4500
008 140306s9999 xx 000 0 und d
041 |a eng 
082 |a 632  |b VAN/DI 
100 |a Van Der Plank, J E 
245 |a Disease resistance in Plants 
260 |a New York  |b Academic Press  |c 1968 
300 |a 206 
365 |b USD.41 
650 |a Plant diseases 
650 |a Plant pathology 
942 |2 ddc  |c BK 
999 |c 106315  |d 106315 
952 |0 0  |1 0  |2 ddc  |4 0  |6 632_000000000000000_VANDI  |7 0  |9 103344  |a KAUHCV  |b KAUHCV  |d 2004-03-17  |g 41.00  |o 632 VAN/DI  |p KAU_HCV-18961  |r 2014-03-22  |w 2014-03-22  |y BK